Statistics for Province Quiz - Prince Edward Island

Click here to take the quiz!

General Stats

  • This quiz has been taken 301 times
  • The average score is 11 of 17

Answer Stats

ClueAnswer% Correct
PEI is the _______ province by both area and populationSmallest
95%
Language with the second most speakersFrench
92%
But it is the most _______ populated province among allDensely
85%
Capital cityCharlottetown
81%
PEI is one of these provinces{Maritime} Provinces
78%
Novel by Lucy Maud Montgomery that takes place in the fictional town of AvonleaAnne of {Green} {Gables}
77%
PEI was part of this French colony that starts with AAcadia
75%
PEI produces about 25% of this vegetable in CanadaPotato
75%
Gulf on which PEI is situatedSaint Lawrence
75%
Bridge that connects PEI to New Brunswick{Confedera}tion Bridge
62%
Animal that appears on PEI's flagLion
51%
Second most populated city{Summer}side
51%
Strait that separates PEI from mainland Canada{Northumber}land Strait
49%
Although it did not join the Confederation until 1873, PEI is known by this name{Birthplace} of Confederation
47%
PEI is named after the fourth son of this British kingKing George III
47%
Native American people who have inhabited PEI before European arrivalMi ' kmaq
44%
Colonial French nameIle Saint-{Jean}
37%

Score Distribution

Percentile by Number Answered

Percent of People with Each Score

Your Score History

You have not taken this quiz